| 000 | 00742nam a22001577a 4500 | ||
|---|---|---|---|
| 003 | OSt | ||
| 005 | 20151207155538.0 | ||
| 008 | 151207b xxu||||| |||| 00| 0 eng d | ||
| 040 | _cRUA | ||
| 082 | _aATM គឹម 1991 B189 Or.1 | ||
| 100 |
_94481 _aគឹម, ចាន់ថា |
||
| 245 | _aការរៀបចំការងារជួសជុលនិងថែទាំក្នុងរោងជាងម៉ាស៊ីនកសិកម្មជាមួយនិងការរៀបចំប្រើប្រាស់ឧបករណ៍បំពាក់ពីក្រោយត្រាក់ទ័រខេត្តព្រៃវែង | ||
| 260 |
_aPhnom Penh _bRUA _c1991 |
||
| 300 |
_a50p. _bill. _c29cm. |
||
| 942 |
_2ddc _cATM |
||
| 999 |
_c4178 _d4178 |
||